| 000 | 00820nam a2200241Ia 4500 | ||
|---|---|---|---|
| 003 | OSt | ||
| 005 | 20221005111632.0 | ||
| 006 | a|||||r|||| 00| 0 | ||
| 007 | ta | ||
| 008 | 221004b |||||||| |||| 00| 0 hin d | ||
| 024 | _a31038 | ||
| 037 | _cTextual | ||
| 040 |
_aCRL _cCRL _bhin |
||
| 041 |
_2hin _ahin |
||
| 082 | _aR69, 152L3 | ||
| 100 | _aमसीह, याकुब | ||
| 245 | 0 |
_aनिरीश्वरवाद _b भारतीय एवं पाश्चात्य |
|
| 246 | _aNirīshvaravāda: bhāratīya evan pāshchātya | ||
| 260 |
_aपटना _bबिहार हिंदी ग्रंथ अकादमी भारत _c1973 |
||
| 300 |
_a272पृ. _ccm. |
||
| 942 |
_hR69, 152L3 _cTEXL _2cc |
||
| 999 |
_c1022410 _d1022410 |
||